Economics / (Record no. 1441)
[ view plain ]
| 000 -LEADER | |
|---|---|
| fixed length control field | 01842cam a2200205 a 4500 |
| 020 ## - INTERNATIONAL STANDARD BOOK NUMBER | |
| ISBN | 0077096150 |
| 020 ## - INTERNATIONAL STANDARD BOOK NUMBER | |
| ISBN | 9780077096151 |
| 050 14 - CALL NUMBER | |
| Classification number | HB171.5 |
| Item number | .F458 2000 |
| 100 1# - AUTHOR | |
| Personal name | Begg, David K. H. |
| 245 10 - TITLE | |
| Title | Economics / |
| Statement of responsibility, etc | David Begg, Stanley Fischer, Rudiger Dornbusch. |
| 250 ## - EDITION | |
| Edition statement | 6th ed. |
| 260 ## - PUBLICATION INFORMATION | |
| Place of publication | London : |
| Name of publisher | McGraw-Hill, |
| Year of publication | c2000. |
| 300 ## - DESCRIPTION | |
| Number of Pages | xviii, 634 p. : |
| Other physical details | col. ill. ; |
| Dimensions | 26 cm. |
| 500 ## - NOTES | |
| General note | Previous ed.: 1997.Include index. |
| 505 ## - FORMATTED CONTENTS NOTE | |
| Table of Content | Economics and economy; the tools of economic analysis; demand, supply and the market; government in the mixed economy; the effect of price and income on demand quantities; the theory of consumer choice; business organisation and behaviours; developing the theory of supply; perfect competition and pure monopoly; market structure and imperfect competition; the analysis of factor markets; human capital, discrimination and trade unions; capital and land; coping with risk in economic life; introduction to welfare economics; taxes and public spending; industrial policy and competition policy; privatisation and regulatory reform; economics and the Internet; introduction to macroeconomics and national income accounting; the determination of national income accounting; aggregate demand, fiscal policy and foreign trade; money and modern banking; central banking and the monetary system; monetary and fiscal policy in a closed economy; aggregate supply, prize level and the speed of adjustments; unemployment; inflation; open economy macroeconomics; economic growth; business cycle; macroeconomics; where do we stand; international trade and commercial policy; the international monetary system and international finance; European integration; problems of developing countries. |
| 650 #0 - SUBJECTS | |
| Topical Term | Economics. |
| 700 1# - OTHER AUTHORS | |
| Personal name | Fischer, Stanley. |
| 700 1# - OTHER AUTHORS | |
| Personal name | Dornbusch, Rudiger. |
| 942 ## - ADDED ENTRY ELEMENTS (KOHA) | |
| Koha item type | Books |
| Withdrawn status | Lost status | Home library | Current library | Shelving location | Date acquired | Full call number | Accession Number | Copy number | Koha item type |
|---|---|---|---|---|---|---|---|---|---|
| Methodist University Library Main | Methodist University Library Main | General Stacks | 13/12/2017 | HB171.5 .F458 2000 | 39460 | 1 | Books |